[Event "8. MEDJUNARODNO OTVORENO PRVENSTVO VOJVO"]
[Site "Novi Sad, Ribarsko ostrvo-4 re"]
[Date "2017.07.21"]
[Round "6.15"]
[White "Tomerlin, Sinisa"]
[Black "Colovic, Dusan"]
[Result "1-0"]
[WhiteElo "2193"]
[BlackElo "2313"]
[PlyCount "67"]
[EventDate "2017.07.16"]

1. Nf3 d6 2. g3 e5 3. d3 g6 4. Bg2 Bg7 5. O-O Nf6 6. Nbd2 O-O 7. e4 Nc6 8. c3
d5 9. Re1 dxe4 10. dxe4 Be6 11. Qe2 Nd7 12. Nc4 Nb6 13. Nfd2 Qd7 14. a4 Rad8
15. Bf1 f5 16. exf5 gxf5 17. f4 e4 18. Ne3 Qf7 19. a5 Nc8 20. Qb5 Nd6 21. Qc5
Qd7 22. Ndc4 b6 23. Qa3 Qf7 24. Qa4 Ne7 25. axb6 axb6 26. Nxd6 Rxd6 27. Qb5 Kh8
28. Ra7 Nc6 29. Ra3 Na5 30. Kg2 Rg8 31. Bd2 Rd7 32. c4 Bd4 33. h3 Bg7 34. b4
1-0

[Event "8. MEDJUNARODNO OTVORENO PRVENSTVO VOJVO"]
[Site "Novi Sad, Ribarsko ostrvo-4 re"]
[Date "2017.07.21"]
[Round "6.17"]
[White "Ilincic, Aleksa"]
[Black "Dragojlovic, Andjelko"]
[Result "1-0"]
[WhiteElo "2177"]
[BlackElo "2302"]
[PlyCount "41"]
[EventDate "2017.07.16"]

1. d4 g6 2. Nf3 Bg7 3. c4 c5 4. d5 f5 5. e4 fxe4 6. Ng5 e3 7. Bxe3 d6 8. Nc3
Bxc3+ 9. bxc3 Qa5 10. Rc1 Nf6 11. Bd3 Nbd7 12. f4 Nf8 13. O-O h6 14. Ne6 Nxe6
15. Bxg6+ Kd8 16. dxe6 Bxe6 17. Bf2 Rg8 18. f5 Bxc4 19. Re1 Kd7 20. Bg3 Raf8
21. Rxe7+ 1-0

[Event "8. MEDJUNARODNO OTVORENO PRVENSTVO VOJVO"]
[Site "Novi Sad, Ribarsko ostrvo-4 re"]
[Date "2017.07.21"]
[Round "6.18"]
[White "Kaufeld, Juergen"]
[Black "Kovacevic, Sinisa"]
[Result "1-0"]
[WhiteElo "2296"]
[BlackElo "2167"]
[PlyCount "63"]
[EventDate "2017.07.16"]

1. e4 e6 2. d4 d5 3. Nc3 Bb4 4. e5 c5 5. a3 Bxc3+ 6. bxc3 Ne7 7. Qg4 O-O 8. Bd3
Nbc6 9. Qh5 Ng6 10. Nf3 Qc7 11. Be3 c4 12. Bxg6 fxg6 13. Qg4 Qf7 14. Ng5 Qe8
15. h4 h6 16. Nh3 Ne7 17. Qe2 a5 18. g4 Bd7 19. h5 gxh5 20. g5 hxg5 21. Nxg5 g6
22. O-O-O Nf5 23. Rdg1 Ng7 24. Nh3 b5 25. Nf4 Rxf4 26. Bxf4 Qf8 27. Bh6 Qxa3+
28. Kd2 b4 29. Rh3 Be8 30. Bxg7 Kxg7 31. Qxh5 bxc3+ 32. Ke2 1-0

[Event "8. MEDJUNARODNO OTVORENO PRVENSTVO VOJVO"]
[Site "Novi Sad, Ribarsko ostrvo-4 re"]
[Date "2017.07.21"]
[Round "6.19"]
[White "Marholev, Dimitar"]
[Black "Kuzmin, Yuriy"]
[Result "0-1"]
[WhiteElo "2177"]
[BlackElo "2286"]
[PlyCount "66"]
[EventDate "2017.07.16"]

1. Nf3 d5 2. c4 c6 3. cxd5 cxd5 4. d4 Nc6 5. Nc3 Nf6 6. Bf4 a6 7. Rc1 Bf5 8. e3
e6 9. Qb3 Ra7 10. Ne5 Be7 11. Be2 Nxe5 12. Bxe5 O-O 13. O-O b5 14. a4 b4 15.
Na2 Qd7 16. f3 Bg6 17. Qd1 Rd8 18. b3 Rb7 19. Qd2 Ne8 20. Rfd1 Bf8 21. Qe1 f6
22. Bg3 Be7 23. Qf1 Ra7 24. Be1 Qb7 25. g4 a5 26. Bb5 Rc8 27. Bg3 Bc2 28. Rd2
Bxb3 29. Rxc8 Qxc8 30. Nc1 Bc4 31. Bxc4 dxc4 32. Rc2 c3 33. Nb3 Qc6 0-1

[Event "8. MEDJUNARODNO OTVORENO PRVENSTVO VOJVO"]
[Site "Novi Sad, Ribarsko ostrvo-4 re"]
[Date "2017.07.21"]
[Round "6.20"]
[White "Juhasz, Bencze"]
[Black "Matovic, Mihajlo Z"]
[Result "1/2-1/2"]
[WhiteElo "2158"]
[BlackElo "2266"]
[PlyCount "40"]
[EventDate "2017.07.16"]

1. e4 c5 2. Nf3 d6 3. d4 Nf6 4. Nc3 cxd4 5. Nxd4 a6 6. Bg5 e6 7. f4 Be7 8. Qf3
Qc7 9. O-O-O Nbd7 10. Bd3 h6 11. Bh4 g5 12. e5 gxh4 13. exf6 Nxf6 14. f5 e5 15.
Nde2 Bd7 16. Be4 O-O-O 17. Rd3 Kb8 18. Nd5 Nxd5 19. Bxd5 Bg5+ 20. Kb1 Bc6
1/2-1/2

[Event "8. MEDJUNARODNO OTVORENO PRVENSTVO VOJVO"]
[Site "Novi Sad, Ribarsko ostrvo-4 re"]
[Date "2017.07.22"]
[Round "7.1"]
[White "Sredojevic, Ivan"]
[Black "Ernst, Sipke"]
[Result "0-1"]
[WhiteElo "2355"]
[BlackElo "2522"]
[PlyCount "144"]
[EventDate "2017.07.16"]

1. Nf3 Nf6 2. g3 g6 3. b3 Bg7 4. Bb2 d6 5. d4 c5 6. dxc5 Qa5+ 7. Qd2 Qxc5 8.
Nc3 b6 9. Bg2 Bb7 10. O-O Nbd7 11. Nd4 Bxg2 12. Kxg2 O-O 13. Na4 Qc7 14. c4
Qb7+ 15. f3 a6 16. Nc3 Rfd8 17. e4 e6 18. Rad1 Ne5 19. Qe2 Re8 20. Rfe1 Rad8
21. f4 Ned7 22. Nf3 Qc6 23. Nd4 Qb7 24. Nf3 Qc6 25. Nd4 Qc7 26. Nf3 h5 27. h3
Nc5 28. Rd2 Re7 29. Red1 Ne8 30. b4 Nb7 31. Nd4 Rc8 32. b5 Na5 33. bxa6 Qa7 34.
Ndb5 Qxa6 35. Nxd6 Nxd6 36. Rxd6 Qa8 37. Na4 Nxc4 38. Nxb6 Nxb6 39. Bxg7 Kxg7
40. Rxb6 Ra7 41. Rbd6 Rc3 42. R6d3 Rxd3 43. Qxd3 Rxa2+ 44. Kg1 Qc6 45. Qd4+ Kh7
46. Qd7 Qc5+ 47. Kh1 Ra7 48. Qd4 Qa3 49. Rd3 Qa6 50. Kh2 Rc7 51. Rd2 Qf1 52.
Qf2 Qb1 53. Qe2 Rc1 54. Qg2 Rc4 55. e5 h4 56. gxh4 Rxf4 57. Rf2 Qf5 58. Rxf4
Qxf4+ 59. Qg3 Qxg3+ 60. Kxg3 Kg7 61. Kf4 f6 62. exf6+ Kxf6 63. Ke4 e5 64. Ke3
Kf5 65. Kf3 e4+ 66. Ke3 Ke5 67. Ke2 Kf4 68. Kf2 e3+ 69. Ke2 Ke4 70. h5 gxh5 71.
Ke1 Kf3 72. Kf1 h4 0-1

[Event "8. MEDJUNARODNO OTVORENO PRVENSTVO VOJVO"]
[Site "Novi Sad, Ribarsko ostrvo-4 re"]
[Date "2017.07.22"]
[Round "7.2"]
[White "Pikula, Dejan"]
[Black "Markovic, Miroslav"]
[Result "1-0"]
[WhiteElo "2457"]
[BlackElo "2462"]
[PlyCount "63"]
[EventDate "2017.07.16"]

1. e4 d5 2. exd5 Nf6 3. Nf3 Bg4 4. Be2 Qxd5 5. d4 Nc6 6. Be3 e6 7. Nbd2 O-O-O
8. O-O Qh5 9. h3 Bd6 10. Re1 Kb8 11. c3 Ne7 12. Nf1 Bxf3 13. Bxf3 Qg6 14. c4 c6
15. Qb3 Ka8 16. Qa4 Bb8 17. b4 Ne4 18. b5 f5 19. Rab1 Rd7 20. bxc6 Nxc6 21. Rb3
Rc8 22. Reb1 Qe8 23. c5 Qd8 24. Qc4 e5 25. Bxe4 fxe4 26. d5 Na5 27. Qa4 Rxd5
28. Rb5 Nc6 29. Rxb7 Rd7 30. Rxd7 Qxd7 31. Nd2 Bc7 32. Qxe4 1-0

[Event "8. MEDJUNARODNO OTVORENO PRVENSTVO VOJVO"]
[Site "Novi Sad, Ribarsko ostrvo-4 re"]
[Date "2017.07.22"]
[Round "7.3"]
[White "Cabarkapa, Novak"]
[Black "Atalik, Suat"]
[Result "0-1"]
[WhiteElo "2426"]
[BlackElo "2525"]
[PlyCount "88"]
[EventDate "2017.07.16"]

1. b3 d5 2. Bb2 Nf6 3. e3 g6 4. c4 Bg7 5. cxd5 O-O 6. Ne2 Nxd5 7. Bxg7 Kxg7 8.
Nbc3 Nb4 9. d4 c5 10. a3 cxd4 11. Nxd4 N4c6 12. Be2 Nxd4 13. exd4 Nd7 14. O-O
Nf6 15. Bf3 Qb6 16. Re1 Re8 17. Re5 Bd7 18. Na4 Bxa4 19. bxa4 Rad8 20. Rb5 Rxd4
21. Rxb6 Rxd1+ 22. Rxd1 axb6 23. Bxb7 Rb8 24. Ba6 Ra8 25. Bb5 Rc8 26. f3 Rc3
27. Rd3 Rxd3 28. Bxd3 Nd5 29. Bc4 e6 30. g3 Kf6 31. f4 Ke7 32. Kf2 Kd6 33. Bb5
Kc5 34. Be8 f6 35. h4 e5 36. h5 gxh5 37. fxe5 fxe5 38. Bxh5 Kd4 39. Be8 e4 40.
Bb5 Nc3 41. Ba6 Nxa4 42. g4 h6 43. Kg3 Nc3 44. Kf4 e3 0-1

[Event "8. MEDJUNARODNO OTVORENO PRVENSTVO VOJVO"]
[Site "Novi Sad, Ribarsko ostrvo-4 re"]
[Date "2017.07.22"]
[Round "7.5"]
[White "Gajcin, Marina"]
[Black "Tosic, Miroslav"]
[Result "0-1"]
[WhiteElo "2282"]
[BlackElo "2433"]
[PlyCount "80"]
[EventDate "2017.07.16"]

1. e4 c5 2. Nf3 e6 3. c4 Nc6 4. Nc3 Nd4 5. g3 d6 6. Bg2 Ne7 7. O-O g6 8. d3 Bg7
9. Rb1 O-O 10. Nxd4 cxd4 11. Ne2 h6 12. b4 e5 13. Bd2 Be6 14. a4 Qd7 15. b5 f5
16. f3 fxe4 17. fxe4 Rxf1+ 18. Bxf1 Rf8 19. Nc1 Kh7 20. Nb3 b6 21. Bc1 Ng8 22.
Rb2 Bg4 23. Qe1 h5 24. Na1 Bh6 25. Bxh6 Nxh6 26. Rf2 Rxf2 27. Kxf2 a5 28. Kg1
Nf7 29. Qd2 Qe7 30. h3 Ng5 31. Qf2 Bxh3 32. Nb3 Bg4 33. Nd2 Kg7 34. Bg2 Ne6 35.
Bf3 Nc5 36. Bxg4 hxg4 37. Qe2 Qg5 38. Nf1 Nxa4 39. Nh2 Nc3 40. Qe1 a4 0-1

[Event "8. MEDJUNARODNO OTVORENO PRVENSTVO VOJVO"]
[Site "Novi Sad, Ribarsko ostrvo-4 re"]
[Date "2017.07.22"]
[Round "7.6"]
[White "Leskur, Dejan"]
[Black "Mikheev, Stanislav"]
[Result "0-1"]
[WhiteElo "2393"]
[BlackElo "2264"]
[PlyCount "34"]
[EventDate "2017.07.16"]

1. e4 e5 2. Nf3 Nf6 3. d3 Nc6 4. c3 d5 5. Nbd2 a5 6. Be2 Bc5 7. O-O O-O 8. Qc2
Re8 9. h3 a4 10. Re1 h6 11. Rb1 Be6 12. exd5 Bxd5 13. b4 axb3 14. axb3 e4 15.
Nh2 e3 16. fxe3 Rxe3 17. d4 Rxc3 0-1

[Event "8. MEDJUNARODNO OTVORENO PRVENSTVO VOJVO"]
[Site "Novi Sad, Ribarsko ostrvo-4 re"]
[Date "2017.07.22"]
[Round "7.7"]
[White "Marjanovic, Annamaria"]
[Black "Nomin-Erdene, Davaademberel"]
[Result "1-0"]
[WhiteElo "2331"]
[BlackElo "2373"]
[PlyCount "97"]
[EventDate "2017.07.16"]

1. c4 c6 2. g3 d5 3. Nf3 dxc4 4. Bg2 Nd7 5. O-O Ngf6 6. Na3 e6 7. Nxc4 Be7 8.
b3 O-O 9. Bb2 b5 10. Nfe5 Bb7 11. Bxc6 Qc7 12. Bxb7 Qxb7 13. Nxd7 Qxd7 14. Ne5
Qd5 15. d3 a5 16. Rc1 Rfc8 17. Rxc8+ Rxc8 18. Qd2 Bb4 19. Rc1 Ra8 20. Qc2 a4
21. Qc7 Rf8 22. e4 Qd6 23. Qb7 a3 24. Ba1 Bc5 25. Qxb5 Bd4 26. Bxd4 Qxd4 27.
Qc5 Qb2 28. Rc2 Qb1+ 29. Kg2 h6 30. Qc3 Rd8 31. Nc6 Rd7 32. Nb4 Rd8 33. Rc1 Qb2
34. Qxb2 axb2 35. Rb1 Rb8 36. Nc6 Rb6 37. Ne5 Rb5 38. Nc4 Nd7 39. Kf3 Kf8 40.
Rxb2 Nc5 41. Rd2 Ke7 42. Ke3 f6 43. d4 Na6 44. Rb2 Nb8 45. Kd3 Nc6 46. f4 Kd7
47. Kc3 Ke7 48. b4 Rb8 49. d5 1-0

[Event "8. MEDJUNARODNO OTVORENO PRVENSTVO VOJVO"]
[Site "Novi Sad, Ribarsko ostrvo-4 re"]
[Date "2017.07.22"]
[Round "7.8"]
[White "Becker, Marcel"]
[Black "Tanriverdi, Enes"]
[Result "1/2-1/2"]
[WhiteElo "2339"]
[BlackElo "2203"]
[PlyCount "100"]
[EventDate "2017.07.16"]

1. d4 Nf6 2. c4 g6 3. Nc3 Bg7 4. e4 d6 5. Be2 O-O 6. Bg5 c5 7. d5 e6 8. Qd2
exd5 9. exd5 Qb6 10. Nf3 Bf5 11. Nh4 Ne4 12. Nxe4 Bxe4 13. f3 h6 14. Be3 Qxb2
15. Rc1 Qf6 16. g3 Bf5 17. Nxf5 Qxf5 18. O-O Nd7 19. Bxh6 Bxh6 20. Qxh6 Rfe8
21. Rf2 Re7 22. Rc3 Rae8 23. Bf1 Re1 24. Kg2 b5 25. cxb5 Nb6 26. Bc4 Qf6 27.
Qd2 Kg7 28. Bb3 Qf5 29. Bc2 Qxd5 30. Rd3 Qe5 31. f4 Qa1 32. f5 Rg1+ 33. Kh3
Rh8+ 34. Kg4 Nc4 35. Qc3+ Ne5+ 36. Kf4 Kg8 37. Qxa1 Nxd3+ 38. Bxd3 Rxa1 39.
fxg6 fxg6 40. Kg5 Kg7 41. Bxg6 Rf8 42. Re2 Kg8 43. Kh6 Raf1 44. Re7 Rd8 45.
Rxa7 d5 46. Rg7+ Kf8 47. b6 Rf2 48. h4 Rb8 49. b7 Rb2 50. Rf7+ Kg8 1/2-1/2

[Event "8. MEDJUNARODNO OTVORENO PRVENSTVO VOJVO"]
[Site "Novi Sad, Ribarsko ostrvo-4 re"]
[Date "2017.07.22"]
[Round "7.9"]
[White "Tuturin, Sergey"]
[Black "Pantelic, Sasa"]
[Result "1/2-1/2"]
[WhiteElo "2232"]
[BlackElo "2358"]
[PlyCount "72"]
[EventDate "2017.07.16"]

1. e4 c5 2. b3 Nc6 3. Bb2 Nf6 4. e5 Nd5 5. Nf3 e6 6. Bb5 Be7 7. O-O O-O 8. Nc3
Nxc3 9. Bxc3 d5 10. d4 cxd4 11. Nxd4 Qb6 12. Nxc6 bxc6 13. Bd3 Ba6 14. Kh1 f5
15. exf6 Bxf6 16. Bxf6 Rxf6 17. Bxa6 Qxa6 18. Qd3 Qxd3 19. cxd3 e5 20. f3 Kf7
21. Rac1 Ke7 22. Rc5 Rb8 23. Rfc1 Rb6 24. Kg1 Kd7 25. Ra5 a6 26. Rc3 Rf4 27.
Kf2 Rfb4 28. Rc2 Kd6 29. g3 g5 30. Ke3 h5 31. Rac5 Rd4 32. a3 Kd7 33. b4 Kd6
34. Rc1 h4 35. R1c2 Kd7 36. Rc1 Kd6 1/2-1/2

[Event "8. MEDJUNARODNO OTVORENO PRVENSTVO VOJVO"]
[Site "Novi Sad, Ribarsko ostrvo-4 re"]
[Date "2017.07.22"]
[Round "7.10"]
[White "Todorovic, Nenad I"]
[Black "Ozen, Bahadir"]
[Result "1/2-1/2"]
[WhiteElo "2235"]
[BlackElo "2315"]
[PlyCount "80"]
[EventDate "2017.07.16"]

1. e4 g6 2. d4 Bg7 3. Nc3 c6 4. Nf3 d6 5. a4 Nf6 6. h3 O-O 7. Be3 Nbd7 8. a5 e5
9. dxe5 dxe5 10. Qd6 Re8 11. Bc4 Qe7 12. Qxe7 Rxe7 13. O-O h6 14. b4 Re8 15.
Nd2 Nf8 16. Na4 Ne6 17. c3 Nd7 18. Bb3 Nc7 19. Nc4 Nb5 20. Rfd1 Nf8 21. Nd6
Nxd6 22. Rxd6 Be6 23. Bxe6 Rxe6 24. Rad1 Rxd6 25. Rxd6 Ne6 26. a6 bxa6 27. Rxc6
Rd8 28. Rxa6 Rd1+ 29. Kh2 Nf4 30. Rxa7 Rb1 31. Nb6 f5 32. exf5 gxf5 33. Ra8+
Kf7 34. Ra7+ Kg6 35. Bxf4 exf4 36. Nd5 Be5 37. f3 Rd1 38. Rd7 Kg5 39. Nf6 Rc1
40. Nd5 Ra1 1/2-1/2

[Event "8. MEDJUNARODNO OTVORENO PRVENSTVO VOJVO"]
[Site "Novi Sad, Ribarsko ostrvo-4 re"]
[Date "2017.07.22"]
[Round "7.11"]
[White "Budisavljevic, Luka"]
[Black "Kaufeld, Juergen"]
[Result "1/2-1/2"]
[WhiteElo "2196"]
[BlackElo "2296"]
[PlyCount "55"]
[EventDate "2017.07.16"]

1. d4 Nf6 2. Nf3 g6 3. c4 Bg7 4. Nc3 d5 5. Bf4 O-O 6. Rc1 dxc4 7. e4 Bg4 8.
Bxc4 Nh5 9. Be3 Bxf3 10. gxf3 e5 11. dxe5 Bxe5 12. Qxd8 Rxd8 13. Ne2 Nc6 14.
O-O Bxb2 15. Rb1 Ba3 16. Bd5 Nb4 17. Bxb7 Rab8 18. Rb3 Rxb7 19. Rxa3 Nc2 20.
Rxa7 Nxe3 21. Rxb7 Nxf1 22. Kxf1 Rd1+ 23. Kg2 Rd2 24. Nc3 Nf4+ 25. Kg3 Nh5+ 26.
Kg2 Nf4+ 27. Kg3 Nh5+ 28. Kg2 1/2-1/2

[Event "8. MEDJUNARODNO OTVORENO PRVENSTVO VOJVO"]
[Site "Novi Sad, Ribarsko ostrvo-4 re"]
[Date "2017.07.22"]
[Round "7.12"]
[White "Kuzmin, Yuriy"]
[Black "Tomerlin, Sinisa"]
[Result "1-0"]
[WhiteElo "2286"]
[BlackElo "2193"]
[PlyCount "73"]
[EventDate "2017.07.16"]

1. e4 c5 2. Nf3 d6 3. d4 cxd4 4. Nxd4 Nf6 5. Nc3 a6 6. Be2 e5 7. Nb3 Be7 8. Be3
Be6 9. Nd5 Nxd5 10. exd5 Bf5 11. O-O O-O 12. Qd2 Qc7 13. c4 a5 14. Rac1 a4 15.
Na1 Nd7 16. Nc2 Nc5 17. Na3 Bd7 18. Nb1 f5 19. Nc3 Bf6 20. f3 Rae8 21. Nb5 Qb6
22. Kh1 f4 23. Bg1 e4 24. fxe4 Bxb5 25. cxb5 Nxe4 26. Qb4 Qd8 27. Bg4 Nc5 28.
Bxc5 dxc5 29. Qxc5 Bxb2 30. Rcd1 Qh4 31. Be6+ Kh8 32. Rd3 Be5 33. Rh3 Qg5 34.
Qc2 g6 35. Qc4 f3 36. g3 Rd8 37. Qc2 1-0

[Event "8. MEDJUNARODNO OTVORENO PRVENSTVO VOJVO"]
[Site "Novi Sad, Ribarsko ostrvo-4 re"]
[Date "2017.07.22"]
[Round "7.13"]
[White "Hjelmas, Lars"]
[Black "Jocev, Milan"]
[Result "1/2-1/2"]
[WhiteElo "2261"]
[BlackElo "2185"]
[PlyCount "75"]
[EventDate "2017.07.16"]

1. d4 d5 2. c4 c6 3. Nf3 Nf6 4. Nc3 a6 5. a4 Bf5 6. Qb3 Ra7 7. Bf4 e6 8. c5 a5
9. e3 Nbd7 10. Be2 Be7 11. h3 h6 12. O-O O-O 13. Rfc1 b6 14. Nb5 cxb5 15. c6
bxa4 16. Qb5 Ne4 17. cxd7 Qxd7 18. Rc6 f6 19. Rxb6 Qxb5 20. Bxb5 Kf7 21. g4 Bh7
22. Bxa4 Rc8 23. h4 g5 24. hxg5 hxg5 25. Bb8 Ra8 26. Bh2 Ra7 27. Bb3 Bg6 28.
Kg2 Bd8 29. Rb5 Kg7 30. Ba4 Be8 31. Rb3 Bxa4 32. Rxa4 Rc2 33. Bg1 Nd2 34. Nxd2
Rxd2 35. Bh2 Bc7 36. Bg3 Kg6 37. Bxc7 Rxc7 38. Rc3 1/2-1/2

[Event "8. MEDJUNARODNO OTVORENO PRVENSTVO VOJVO"]
[Site "Novi Sad, Ribarsko ostrvo-4 re"]
[Date "2017.07.22"]
[Round "7.14"]
[White "Kiremitciyan, Ari"]
[Black "Mladenovic, Dusan"]
[Result "1-0"]
[WhiteElo "2240"]
[BlackElo "2056"]
[PlyCount "67"]
[EventDate "2017.07.16"]

1. Nf3 Nf6 2. c4 g6 3. Nc3 Bg7 4. e4 d6 5. d4 O-O 6. Be2 Bg4 7. Be3 c6 8. O-O
Bxf3 9. Bxf3 Qc7 10. Be2 e5 11. dxe5 dxe5 12. c5 Rd8 13. Qc2 Nbd7 14. b4 Nf8
15. Bc4 Qe7 16. Qb3 Ne8 17. b5 Bf6 18. g3 Ng7 19. bxc6 bxc6 20. Qa4 Qc7 21. f4
Nge6 22. f5 Bg5 23. Bxg5 Nxg5 24. h4 Qe7 25. hxg5 Qxc5+ 26. Kh1 Rd4 27. Bxf7+
Kxf7 28. Qb3+ Ke8 29. fxg6 Nxg6 30. Qg8+ Kd7 31. Qxa8 Qxc3 32. Rac1 Qxg3 33.
Rf7+ Ke6 34. Qe8+ 1-0

[Event "8. MEDJUNARODNO OTVORENO PRVENSTVO VOJVO"]
[Site "Novi Sad, Ribarsko ostrvo-4 re"]
[Date "2017.07.22"]
[Round "7.15"]
[White "Stocko, Josip"]
[Black "Ilincic, Aleksa"]
[Result "1-0"]
[WhiteElo "2371"]
[BlackElo "2177"]
[PlyCount "109"]
[EventDate "2017.07.16"]

1. e4 d5 2. exd5 Nf6 3. Nf3 Qxd5 4. Nc3 Qd8 5. d4 g6 6. Bg5 Bg7 7. Qd2 h6 8.
Bh4 O-O 9. Bc4 Bf5 10. O-O-O Nbd7 11. h3 Nb6 12. Bb3 g5 13. Bg3 c5 14. dxc5
Qxd2+ 15. Rxd2 Nbd7 16. Nd4 Be4 17. f3 Nxc5 18. Re1 Nh5 19. Bf2 e5 20. Nxe4
Nxe4 21. fxe4 exd4 22. e5 Nf4 23. Bxd4 Rfd8 24. c3 Ne6 25. g3 b6 26. a4 Rac8
27. Kb1 Rd7 28. Rf2 Rcd8 29. Ref1 Kh8 30. Bxe6 fxe6 31. g4 Kh7 32. b4 Kg6 33.
Kb2 Rd5 34. Re2 Rc8 35. Kb3 Rc7 36. Re4 Rdd7 37. Re2 Rd5 38. b5 Rd8 39. Re4
Rdd7 40. c4 Rf7 41. Ree1 Rfd7 42. Rd1 Rc8 43. Bb2 Rcc7 44. Bc3 h5 45. Rd6 Re7
46. Rfd1 hxg4 47. hxg4 Rc5 48. Rd7 Rxd7 49. Rxd7 Bxe5 50. Rxa7 Bg3 51. Rb7 e5
52. Rxb6+ Kf7 53. a5 Bf2 54. Rb7+ Ke6 55. a6 1-0

[Event "8. MEDJUNARODNO OTVORENO PRVENSTVO VOJVO"]
[Site "Novi Sad, Ribarsko ostrvo-4 re"]
[Date "2017.07.22"]
[Round "7.16"]
[White "Dimitrov, Vladimir"]
[Black "Pecelj, Nedeljko"]
[Result "1/2-1/2"]
[WhiteElo "2359"]
[BlackElo "2161"]
[PlyCount "22"]
[EventDate "2017.07.16"]

1. d4 d5 2. c4 e6 3. Nc3 c5 4. cxd5 exd5 5. Nf3 Nc6 6. g3 Nf6 7. Bg2 Be7 8. O-O
O-O 9. Bg5 Be6 10. dxc5 Bxc5 11. Bxf6 Qxf6 1/2-1/2

[Event "8. MEDJUNARODNO OTVORENO PRVENSTVO VOJVO"]
[Site "Novi Sad, Ribarsko ostrvo-4 re"]
[Date "2017.07.22"]
[Round "7.17"]
[White "Matovic, Mihajlo Z"]
[Black "Henriksen, Geir"]
[Result "0-1"]
[WhiteElo "2266"]
[BlackElo "2151"]
[PlyCount "34"]
[EventDate "2017.07.16"]

1. e4 g6 2. d4 Bg7 3. Nc3 c6 4. Be3 d5 5. Qd2 dxe4 6. Nxe4 Nd7 7. Nf3 Ngf6 8.
Nxf6+ Nxf6 9. Bd3 O-O 10. O-O Qc7 11. Bf4 Qb6 12. c3 c5 13. dxc5 Qxc5 14. Bh6
Rd8 15. Bxg7 Kxg7 16. Qc2 Bg4 17. Nd2 Qd6 0-1

[Event "8. MEDJUNARODNO OTVORENO PRVENSTVO VOJVO"]
[Site "Novi Sad, Ribarsko ostrvo-4 re"]
[Date "2017.07.22"]
[Round "7.19"]
[White "Jovanovic, Petar"]
[Black "Velikic, Adela"]
[Result "1-0"]
[WhiteElo "2135"]
[BlackElo "2256"]
[PlyCount "81"]
[EventDate "2017.07.16"]

1. e4 c6 2. d4 d5 3. f3 e6 4. Nc3 Bb4 5. Nge2 Nf6 6. a3 Be7 7. Ng3 O-O 8. Be3
Qb6 9. Na4 Qa5+ 10. c3 Qc7 11. e5 Nfd7 12. b4 b6 13. Bd3 Ba6 14. O-O Bxd3 15.
Qxd3 f5 16. exf6 Nxf6 17. Bg5 Nbd7 18. Rae1 Bd6 19. f4 Rae8 20. Rf3 h6 21. Bxf6
Nxf6 22. Ref1 c5 23. Kh1 a5 24. dxc5 bxc5 25. bxc5 Bxc5 26. c4 Ba7 27. cxd5
exd5 28. Nf5 Qd7 29. Nc3 Ne4 30. Ng3 Nxc3 31. Qxc3 Qb5 32. Qc2 Rc8 33. Qg6 Qc6
34. Qg4 Rf7 35. Nh5 Rcc7 36. f5 Qd7 37. Qg6 Rc4 38. h3 Bb8 39. f6 Qc7 40. g3
Qd7 41. Kg2 1-0

[Event "8. MEDJUNARODNO OTVORENO PRVENSTVO VOJVO"]
[Site "Novi Sad, Ribarsko ostrvo-4 re"]
[Date "2017.07.22"]
[Round "8.1"]
[White "Ernst, Sipke"]
[Black "Marjanovic, Annamaria"]
[Result "1-0"]
[WhiteElo "2522"]
[BlackElo "2331"]
[PlyCount "77"]
[EventDate "2017.07.16"]

1. Nf3 d5 2. e3 Nf6 3. c4 e6 4. d4 b6 5. Nc3 Bb7 6. cxd5 exd5 7. Bb5+ c6 8. Bd3
Bd6 9. O-O O-O 10. e4 dxe4 11. Nxe4 Nxe4 12. Bxe4 h6 13. Be3 Nd7 14. Rc1 Qf6
15. g3 Rac8 16. Nd2 Rfe8 17. Qg4 Rcd8 18. Bxc6 Bxc6 19. Rxc6 Nb8 20. Rc4 Bf8
21. Rfc1 g6 22. Rc7 a5 23. Ne4 Qe6 24. Qxe6 Rxe6 25. Rc8 Rxc8 26. Rxc8 Nd7 27.
Nc3 g5 28. Rd8 Nf6 29. d5 Rd6 30. Rxd6 Bxd6 31. Bxb6 Bb4 32. Bd4 Nd7 33. Ne4
Kf8 34. g4 Be7 35. a4 f6 36. Kf1 Kf7 37. Ke2 Kg6 38. d6 Bd8 39. Nc5 1-0

[Event "8. MEDJUNARODNO OTVORENO PRVENSTVO VOJVO"]
[Site "Novi Sad, Ribarsko ostrvo-4 re"]
[Date "2017.07.22"]
[Round "8.3"]
[White "Atalik, Suat"]
[Black "Tosic, Miroslav"]
[Result "1-0"]
[WhiteElo "2525"]
[BlackElo "2433"]
[PlyCount "30"]
[EventDate "2017.07.16"]

1. d4 g6 2. c4 Bg7 3. e4 d6 4. Nc3 Nd7 5. Nf3 e5 6. Be2 Ne7 7. h4 h6 8. g4 exd4
9. Nxd4 Nc6 10. Be3 O-O 11. Qd2 Nxd4 12. Bxd4 Ne5 13. g5 h5 14. O-O Be6 15. f4
c5 {Unreadable} 1-0

[Event "8. MEDJUNARODNO OTVORENO PRVENSTVO VOJVO"]
[Site "Novi Sad, Ribarsko ostrvo-4 re"]
[Date "2017.07.22"]
[Round "8.4"]
[White "Markovic, Miroslav"]
[Black "Sredojevic, Ivan"]
[Result "1-0"]
[WhiteElo "2462"]
[BlackElo "2355"]
[PlyCount "55"]
[EventDate "2017.07.16"]

1. e4 d6 2. Nc3 Nf6 3. f4 g6 4. Nf3 Bg7 5. Bc4 O-O 6. d3 Nc6 7. O-O e5 8. Qe1
exf4 9. Bxf4 Be6 10. Bb5 h6 11. Qd2 Kh7 12. Rae1 a6 13. Bxc6 bxc6 14. Ng5+ Kg8
15. Nxe6 fxe6 16. Bxh6 e5 17. Rf3 Nh5 18. Ref1 Rxf3 19. Rxf3 Rb8 20. b3 Nf4 21.
Bxg7 Kxg7 22. Ne2 Ne6 23. d4 Qh4 24. dxe5 Ng5 25. Rf4 Nxe4 26. Rxh4 Nxd2 27.
exd6 cxd6 28. Rd4 1-0

[Event "8. MEDJUNARODNO OTVORENO PRVENSTVO VOJVO"]
[Site "Novi Sad, Ribarsko ostrvo-4 re"]
[Date "2017.07.22"]
[Round "8.5"]
[White "Drazic, Sinisa"]
[Black "Kuzmin, Yuriy"]
[Result "1/2-1/2"]
[WhiteElo "2436"]
[BlackElo "2286"]
[PlyCount "65"]
[EventDate "2017.07.16"]

1. d4 Nf6 2. Bg5 Ne4 3. Bf4 c5 4. dxc5 Qa5+ 5. Nd2 Nxd2 6. Qxd2 Qxd2+ 7. Kxd2
Na6 8. e4 Nxc5 9. f3 d6 10. a4 g6 11. Ne2 Bg7 12. Nc3 O-O 13. Bg5 f6 14. Bc4+
Be6 15. Bxe6+ Nxe6 16. Be3 f5 17. exf5 Rxf5 18. Ra3 b6 19. b4 d5 20. Ne2 d4 21.
Bf2 Rc8 22. Rb1 Rd5 23. g3 Rd7 24. f4 Rdc7 25. Ra2 Rc4 26. Rb3 Nc7 27. Kd3 Nd5
28. Be1 a6 29. Bd2 e6 30. Rb1 Kf7 31. Rb3 Kg8 32. Rb1 Kf7 33. Rb3 1/2-1/2

[Event "8. MEDJUNARODNO OTVORENO PRVENSTVO VOJVO"]
[Site "Novi Sad, Ribarsko ostrvo-4 re"]
[Date "2017.07.22"]
[Round "8.6"]
[White "Tanriverdi, Enes"]
[Black "Cabarkapa, Novak"]
[Result "0-1"]
[WhiteElo "2203"]
[BlackElo "2426"]
[PlyCount "104"]
[EventDate "2017.07.16"]

1. d4 Nf6 2. c4 g6 3. Nc3 Bg7 4. e4 d6 5. Nf3 O-O 6. Be2 e5 7. d5 a5 8. Bg5 Na6
9. Nd2 Qe8 10. O-O Kh8 11. a3 Bd7 12. b3 Ng8 13. Rb1 f5 14. f3 f4 15. b4 Bf6
16. Bxf6+ Nxf6 17. c5 axb4 18. axb4 dxc5 19. Bxa6 Rxa6 20. bxc5 Qe7 21. d6 cxd6
22. Rxb7 Rc8 23. Qe2 Rac6 24. Nb3 R6c7 25. Rb6 dxc5 26. Kh1 c4 27. Na5 Ra7 28.
Nxc4 Rac7 29. Nd6 Rxc3 30. Nxc8 Rxc8 31. Rd1 Kg7 32. h3 g5 33. Rb7 Rf8 34. Qb5
Rf7 35. Qb2 h5 36. Ra7 Qe6 37. Ra5 Re7 38. Rc1 g4 39. Rcc5 Qd6 40. Qa1 gxf3 41.
Rxe5 Rxe5 42. Rxe5 f2 43. Rd5 Qe6 44. Rd2 Qxe4 45. Kh2 Bxh3 46. Rxf2 Bd7 47.
Kh1 Bc6 48. Qc1 Qe3 49. Rc2 Be4 50. Qxe3 fxe3 51. Rb2 Bd3 52. g3 e2 0-1

[Event "8. MEDJUNARODNO OTVORENO PRVENSTVO VOJVO"]
[Site "Novi Sad, Ribarsko ostrvo-4 re"]
[Date "2017.07.22"]
[Round "8.7"]
[White "Kosanovic, Goran A"]
[Black "Kiremitciyan, Ari"]
[Result "0-1"]
[WhiteElo "2369"]
[BlackElo "2240"]
[PlyCount "84"]
[EventDate "2017.07.16"]

1. e4 d6 2. Nc3 e5 3. Nf3 Nf6 4. g3 g6 5. Bg2 Bg7 6. d4 Nbd7 7. O-O O-O 8. h3
c6 9. Re1 Re8 10. a4 a5 11. Be3 exd4 12. Nxd4 Nc5 13. f3 Qc7 14. Bf2 Bd7 15. g4
Rad8 16. Qd2 h5 17. g5 Nh7 18. f4 f6 19. h4 fxg5 20. hxg5 Rf8 21. Nf3 Ne6 22.
Be3 Bc8 23. f5 gxf5 24. g6 Nf6 25. exf5 Nc5 26. Nh4 Ng4 27. Bg5 d5 28. Nf3 Bxf5
29. Bxd8 Qxd8 30. Bh3 Qd6 31. Qg2 Ne4 32. Bxg4 Qc5+ 33. Kh2 Bxg4 34. Rf1 Qd6+
35. Kg1 Bxf3 36. Rxf3 Bd4+ 37. Kh1 Nf2+ 38. Rxf2 Rxf2 39. Qh3 Bxc3 40. bxc3 Qe7
41. Kg1 Rf6 42. Qxh5 Qe3+ 0-1